| 000 -LEADER |
| fixed length control field |
01221nam a22000977a 4500 |
| 008 - FIXED-LENGTH DATA ELEMENTS--GENERAL INFORMATION |
| fixed length control field |
160222b xxu||||| |||| 00| 0 eng d |
| 100 ## - MAIN ENTRY--AUTHOR'S NAME |
| Author's Name |
Sem, Peter |
| 245 ## - TITLE STATEMENT |
| Title |
Bayern Spezialkatalog. Vol 2. Pfennigausgaben, 1st Ed |
| Remainder of title |
Bavaria Special Catalog "Pfenning" stamps |
| 260 ## - PUBLICATION, DISTRIBUTION, ETC. (IMPRINT) |
| Place of publication, distribution, etc. |
Bamberg, Germany |
| Name of publisher, distributor, etc. |
P. Sem |
| 650 ## - TOPICAL TERM (Tag) |
| Topical term or geographic name |
Germany | Bavaria (1849-1920) | German States | Catalogs and Price Lists | Definitive Issues | Embossed Issues | 19th Century | 20th Century | Production | Errors and Varieties | Plates and Plating | Paper Watermarks | Essays and Proofs | Postage Dues | Telegraph Issues | Telegrams | Official Mail | Overprints and Surcharges | Booklets and Minipacks | Sheets and Panes | Postal Stationery | Postal Forms | Postal Markings | Mixed Markings | Postal History | Covers | Postal Rates | Post Offices | Postal Agencies | Shipping Companies and Packet Service | Air Mail | Dirigible and Zeppelin Mail | Military Mail | Censored Mail | World War I, 1914-1918 | Registered Mail | Seals and Labels | Post Office Seals and Labels | Locals and Private Posts Cinderella Material | Railway Mail | Machine Cancels | Collecting Identification | Forgeries and Counterfeits | Bogus and Forged Expertizing | Experts | Bibliographies |